01435cam a2200337 a 450000100060000000300080000600500170001400800390003102000230007002000260009303500190011904000310013804100080016908200240017724500880020126000510028930000390034049000410037950001140042050400410053452001370057565000480071265000500076065100470081065100490085765100470090665100490095370000550100274000190105774000210107614357BD-RjUL20211208235620.0140205s1986 nju b 001 0 eng a0893564567 (set) : a0893564605 (volume 4) a(BD-RjUL)14409 aDLCcDLCdDLCdBD-RjUbeng aeng00a809.3219bMAS 198600aMasterplots II.bAmerican fiction series /cedited by Frank N. Magill.n 4 :pSev-Z aEnglewood Cliffs, N.J. :bSalem Press,cc1986. a4 v. (Xli, 1397-1863 p.) ;c24 cm. aAmerican fiction series ;v4 : Sev-Z aVols. 5-6 published as supplement which updates and extends the original series' coverage--Cf. v. 5, p. xlix. aIncludes bibliographies and indexes. aIncludes more than 360 interpretative essays on works of twentieth-century fiction published in the United States and Latin America. 0aFictiony20th centuryxStories, plots, etc. 0aFictiony20th centuryxHistory and criticism. 0aAmericaxLiteraturesxStories, plots, etc. 0aAmericaxLiteraturesxHistory and criticism. 1aAmericaxLiteraturesxStories, plots, etc. 1aAmericaxLiteraturesxHistory and criticism.1 aMagill, Frank N.q(Frank Northen), ed.d1907-1997.0 aMasterplots 2.0 aMasterplots two.